Television and video systems : (Record no. 86)
[ view plain ]
| 000 -LEADER | |
|---|---|
| fixed length control field | 00889nac a22002291u 4500 |
| 010 ## - LIBRARY OF CONGRESS CONTROL NUMBER | |
| LC control number | 97039663 |
| 020 ## - INTERNATIONAL STANDARD BOOK NUMBER | |
| International Standard Book Number | 0134420888 (alk. paper) |
| 082 00 - DEWEY DECIMAL CLASSIFICATION NUMBER | |
| Classification number | 621.388/87 |
| Item number | B9777 |
| 090 ## - LOCALLY ASSIGNED LC-TYPE CALL NUMBER (OCLC); LOCAL CALL NUMBER (OCLC) | |
| -- | 86 |
| -- | 86 |
| 100 ## - MAIN ENTRY--PERSONAL NAME | |
| Personal name | Buscombe, Charles G. |
| 245 10 - TITLE STATEMENT | |
| Title | Television and video systems : |
| Remainder of title | operation, maintenance, troubleshooting, and repair / |
| Statement of responsibility, etc | Charles G. Buscombe. |
| 246 14 - VARYING FORM OF TITLE | |
| Title proper/short title | Television & video systems |
| 250 ## - EDITION STATEMENT | |
| Edition statement | 2nd ed. |
| 260 ## - PUBLICATION, DISTRIBUTION, ETC. (IMPRINT) | |
| Place of publication, distribution, etc | Upper Saddle River, N.J. : |
| Name of publisher, distributor, etc | Prentice Hall, |
| Date of publication, distribution, etc | c1999. |
| 300 ## - PHYSICAL DESCRIPTION | |
| Extent | xi, 451 p. : |
| Other physical details | ill. ; |
| Dimensions | 29 cm. |
| 500 ## - GENERAL NOTE | |
| General note | Includes one folded schematic diagram. |
| 500 ## - GENERAL NOTE | |
| General note | Includes index. |
| 650 #0 - SUBJECT ADDED ENTRY--TOPICAL TERM | |
| Topical term or geographic name as entry element | Television |
| General subdivision | Repairing. |
| 650 #0 - SUBJECT ADDED ENTRY--TOPICAL TERM | |
| Topical term or geographic name as entry element | Home video systems |
| General subdivision | Maintenance and repair. |
| 942 ## - ADDED ENTRY ELEMENTS (KOHA) | |
| Item type | Book - Borrowing |
| Call number prefix | 621.388B9777 |
| Withdrawn status | Item status | Damaged status | Not for loan | Home library | Current library | Shelving location | Date acquired | Source of acquisition | Total Checkouts | Total Renewals | Full call number | Barcode | Date last seen | Date last borrowed | Cost, replacement price | Koha item type |
|---|---|---|---|---|---|---|---|---|---|---|---|---|---|---|---|---|
| Central Library | Central Library | First floor | 18/12/2005 | Purchase | 1 | 1 | 621.388 BUS | 000004695 | 15/07/2025 | 28/04/2016 | 200.00 | Book - Borrowing |